[Event "Feffernitz Raika op 18th"]
[Site "Feffernitz"]
[Date "2009.08.19"]
[Round "5"]
[White "Butunoi, Alexandru Victor"]
[Black "Horvath, Jozsef"]
[Result "1/2-1/2"]
[WhiteElo "2408"]
[BlackElo "2567"]
[PlyCount "138"]
[EventDate "2009.08.16"]
[EventType "swiss"]
[EventRounds "9"]
[EventCountry "AUT"]
[SourceTitle "CBM 131 Extra"]
[Source "ChessBase"]
[SourceDate "2009.09.03"]
[SourceVersion "2"]
[SourceVersionDate "2009.09.16"]
[SourceQuality "1"]

1. e4 d6 2. d4 Nf6 3. Nc3 e5 4. dxe5 dxe5 5. Qxd8+ Kxd8 6. Bc4 Ke8 7. f3 c6 8. a4 a5 9. b3 Na6 10. Bb2 Nd7 11. 0-0-0 Nac5 12. g3 Nb6 13. Bf1 h5 14. h4 f6 15. Bh3 Kf7 16. Bxc8 Nxc8 17. Nh3 Be7 18. Nf2 Nb6 19. Ne2 Nbd7 20. f4 Rhd8 21. Rhf1 Kg8 22. Ng1 exf4 23. gxf4 b5 24. axb5 cxb5 25. Nf3 a4 26. b4 a3 27. bxc5 axb2+ 28. Kxb2 Nxc5 29. Rxd8+ Rxd8 30. Re1 Na4+ 31. Kb3 Nc5+ 32. Kb2 Na4+ 33. Kb3 Rc8 34. Nd1 Rc4 35. c3 Nc5+ 36. Kc2 Nxe4 37. Nd4 f5 38. Nxf5 Bf6 39. Nfe3 Rc5 40. Ng4 hxg4 41. Rxe4 g3 42. Re2 Bxc3 43. Nxc3 b4 44. Kb3 Rxc3+ 45. Kxb4 Rf3 46. Kc4 Rf2 47. Re1 Kf7 48. Rg1 Rf3 49. Kd4 Kg6 50. Ke4 Ra3 51. f5+ Kh5 52. Kf4 Ra4+ 53. Kf3 Kxh4 54. Rh1+ Kg5 55. Kxg3 Rg4+ 56. Kf3 Kxf5 57. Rh7 Rg5 58. Rh8 Rg1 59. Rh7 Kg6 60. Rh8 Kg5 61. Rh7 g6 62. Rh8 Rg4 63. Ra8 Rb4 64. Kg2 Kg4 65. Ra3 Rb2+ 66. Kg1 g5 67. Rc3 Kh4 68. Ra3 g4 69. Rc3 Ra2 1/2-1/2

[Event "Feffernitz Raika op 18th"]
[Site "Feffernitz"]
[Date "2009.08.18"]
[Round "4"]
[White "Hartl, Daniel"]
[Black "Butunoi, Alexandru Victor"]
[Result "0-1"]
[WhiteElo "2249"]
[BlackElo "2408"]
[PlyCount "154"]
[EventDate "2009.08.16"]
[EventType "swiss"]
[EventRounds "9"]
[EventCountry "AUT"]
[SourceTitle "CBM 131 Extra"]
[Source "ChessBase"]
[SourceDate "2009.09.03"]
[SourceVersion "2"]
[SourceVersionDate "2009.09.16"]
[SourceQuality "1"]

1. e4 c5 2. Nf3 e6 3. d4 cxd4 4. Nxd4 a6 5. Bd3 Nc6 6. Nxc6 bxc6 7. 0-0 d5 8. c4 Nf6 9. Nd2 Be7 10. Qc2 g6 11. Nb3 0-0 12. Bg5 a5 13. cxd5 cxd5 14. exd5 Nxd5 15. Bxe7 Qxe7 16. Qc5 Ba6 17. Bxa6 Rxa6 18. Rac1 Qf6 19. Nxa5 Qxb2 20. a4 Qe2 21. Rfe1 Qg4 22. Rc4 Nf4 23. g3 Rxa5 24. Rxf4 Qxg3+ 25. hxg3 Rxc5 26. Rb1 Rc7 27. a5 Ra8 28. Ra4 Rca7 29. Rb5 h5 30. Kg2 Kf8 31. f4 Ke7 32. Kh3 Ra6 33. g4 hxg4+ 34. Kxg4 Kf6 35. Ra3 R8a7 36. Ra4 Rd6 37. Rc5 Raa6 38. Rb4 Rd1 39. Rb7 Rg1+ 40. Kf3 Rh1 41. Rcc7 Rh7 42. Rc5 Rh8 43. Ke4 Kg7 44. Rb6 Ra7 45. a6 Rha8 46. Ra5 Rd7 47. Rc5 Raa7 48. Rcb5 Rd1 49. Ra5 Rdd7 50. Rab5 Rac7 51. Rb7 Rc4+ 52. Ke3 Rc3+ 53. Ke2 Rc2+ 54. Ke3 Rc3+ 55. Ke2 Rd5 56. a7 Ra3 57. Rb3 Ra2+ 58. Rb2 Rxb2+ 59. Rxb2 Ra5 60. Rb7 e5 61. fxe5 Rxe5+ 62. Kd3 Ra5 63. Kc4 g5 64. Kb4 Ra1 65. Kc5 g4 66. Kd6 Kg6 67. Ke5 Ra4 68. Rb4 f6+ 69. Kd5 Ra5+ 70. Kc6 f5 71. Kb7 Kg5 72. Rb6 Rxa7+ 73. Kxa7 g3 74. Rb1 f4 75. Kb6 f3 76. Kc5 f2 77. Kd4 g2 0-1

[Event "Lienz op 15th"]
[Site "Lienz"]
[Date "2009.02.14"]
[Round "9"]
[White "Kunin, Vitaly L"]
[Black "Butunoi, Alexandru Victor"]
[Result "1-0"]
[WhiteElo "2546"]
[BlackElo "2402"]
[PlyCount "71"]
[EventDate "2009.02.07"]
[EventType "swiss"]
[EventRounds "9"]
[EventCountry "AUT"]
[SourceTitle "CBM 128 Extra"]
[Source "ChessBase"]
[SourceDate "2009.03.05"]
[SourceVersion "2"]
[SourceVersionDate "2009.03.25"]
[SourceQuality "1"]

1. d4 Nf6 2. c4 g6 3. Nc3 Bg7 4. e4 d6 5. h3 0-0 6. Nf3 Na6 7. Bg5 Qe8 8. g4 c5 9. Bg2 Bd7 10. 0-0 h5 11. Bxf6 Bxf6 12. gxh5 Qc8 13. e5 Bg7 14. Nd5 Re8 15. hxg6 fxg6 16. Ng5 Bf5 17. Re1 dxe5 18. dxe5 Nc7 19. Qb3 Bh6 20. Qg3 Rb8 21. Rad1 b5 22. e6 Nxd5 23. cxd5 Bxg5 24. Qxg5 Qc7 25. d6 exd6 26. e7 Kg7 27. Rd5 Qd7 28. Ree5 Be6 29. Be4 Rxe7 30. Qxg6+ Kf8 31. Qf6+ Rf7 32. Qh8+ Ke7 33. Qxb8 Rf8 34. Rxe6+ Qxe6 35. Qxa7+ Kf6 36. Rf5+ 1-0

[Event "Lienz op 15th"]
[Site "Lienz"]
[Date "2009.02.10"]
[Round "5"]
[White "Lukman, Ronny"]
[Black "Butunoi, Alexandru Victor"]
[Result "0-1"]
[WhiteElo "2248"]
[BlackElo "2402"]
[PlyCount "148"]
[EventDate "2009.02.07"]
[EventType "swiss"]
[EventRounds "9"]
[EventCountry "AUT"]
[SourceTitle "CBM 128 Extra"]
[Source "ChessBase"]
[SourceDate "2009.03.05"]
[SourceVersion "2"]
[SourceVersionDate "2009.03.25"]
[SourceQuality "1"]

1. Nf3 g6 2. c4 c5 3. Nc3 Nc6 4. g3 Bg7 5. Bg2 e6 6. 0-0 Nge7 7. a3 d5 8. d3 0-0 9. Bg5 h6 10. Bd2 b6 11. Rb1 a5 12. Nb5 Ba6 13. Qc1 Kh7 14. Bc3 e5 15. Rd1 Qd7 16. Be1 Rac8 17. cxd5 Nxd5 18. Nc3 Nde7 19. Rd2 Nd4 20. Qd1 Qe6 21. Ne4 Kh8 22. Nxd4 exd4 23. Rc2 a4 24. Rcc1 f5 25. Nd2 b5 26. b3 axb3 27. Nxb3 Qb6 28. a4 b4 29. Nd2 Rfd8 30. Nc4 Qa7 31. Qb3 Bb7 32. Bxb7 Qxb7 33. a5 Nd5 34. Nb6 Nxb6 35. axb6 Qxb6 36. Ra1 Ra8 37. h4 Rxa1 38. Rxa1 Re8 39. Bd2 Qe6 40. Qxe6 Rxe6 41. Kf1 Rb6 42. Bc1 Rb7 43. Bb2 Kg8 44. Ke1 Kf7 45. Kd1 g5 46. hxg5 hxg5 47. Ra6 g4 48. Rc6 Bf8 49. Ra6 Be7 50. Rh6 Bf6 51. Rh7+ Bg7 52. Rh2 Kg6 53. Rh1 b3 54. f4 gxf3 55. exf3 Re7 56. Bc1 Ra7 57. Rh2 c4 58. Rb2 Rb7 59. dxc4 d3 60. Rb1 Bc3 61. Bd2 Bd4 62. Bf4 b2 63. Kd2 Rb3 64. c5 Bxc5 65. Be5 Bb4+ 66. Kd1 Ba3 67. g4 f4 68. Bxf4 Rc3 69. Be3 Rc2 70. Bd2 Kf6 71. f4 Ke6 72. Be3 Rh2 73. Bg1 Re2 74. Ba7 Bb4 0-1

[Event "Lienz op 15th"]
[Site "Lienz"]
[Date "2009.02.09"]
[Round "4"]
[White "Butunoi, Alexandru Victor"]
[Black "Leitner, Gerald"]
[Result "1/2-1/2"]
[WhiteElo "2402"]
[BlackElo "2239"]
[PlyCount "107"]
[EventDate "2009.02.07"]
[EventType "swiss"]
[EventRounds "9"]
[EventCountry "AUT"]
[SourceTitle "CBM 128 Extra"]
[Source "ChessBase"]
[SourceDate "2009.03.05"]
[SourceVersion "2"]
[SourceVersionDate "2009.03.25"]
[SourceQuality "1"]

1. e4 c5 2. Nf3 d6 3. d4 cxd4 4. Nxd4 Nf6 5. Nc3 g6 6. Be3 Bg7 7. f3 Nc6 8. Qd2 0-0 9. 0-0-0 Bd7 10. g4 Rc8 11. h4 Ne5 12. h5 Qa5 13. Kb1 Nxf3 14. Nxf3 Rxc3 15. Qxc3 Qxc3 16. bxc3 Nxe4 17. Rd3 Bxg4 18. h6 Nxc3+ 19. Kb2 Bf6 20. Bg2 Nd1+ 21. Kb3 Be6+ 22. Kb4 Nb2 23. Bd4 Nxd3+ 24. cxd3 Bxd4 25. Nxd4 Bxa2 26. Ra1 Be6 27. Rxa7 Bc8 28. Ka5 Re8 29. Kb6 Kf8 30. Kc7 f6 31. Bd5 e6 32. Bb3 Ke7 33. Ba4 Rf8 34. Ra8 e5 35. Nb5 Bf5 36. Ra7 Bxd3 37. Nxd6 Ba6 38. Nxb7 Bxb7 39. Rxb7 f5 40. Kc6+ Kf6 41. Rxh7 Kg5 42. Kd5 e4 43. Kd4 Rd8+ 44. Bd7 Ra8 45. Bc6 Ra3 46. Rh8 Rd3+ 47. Kc4 Rh3 48. h7 Kh6 49. Be8 Rg3 50. Bxg6 Rxg6 51. Rf8 Kxh7 52. Rxf5 Re6 53. Kd4 e3 54. Rf1 1/2-1/2

[Event "Lienz op 15th"]
[Site "Lienz"]
[Date "2009.02.08"]
[Round "2"]
[White "Butunoi, Alexandru Victor"]
[Black "Wieser, Rupert"]
[Result "1-0"]
[WhiteElo "2402"]
[BlackElo "2072"]
[PlyCount "45"]
[EventDate "2009.02.07"]
[EventType "swiss"]
[EventRounds "9"]
[EventCountry "AUT"]
[SourceTitle "CBM 128 Extra"]
[Source "ChessBase"]
[SourceDate "2009.03.05"]
[SourceVersion "2"]
[SourceVersionDate "2009.03.25"]
[SourceQuality "1"]

1. e4 c5 2. Nf3 g6 3. Bc4 Bg7 4. 0-0 Nc6 5. Re1 d6 6. h3 e6 7. c3 Nge7 8. d4 cxd4 9. cxd4 d5 10. exd5 Nxd5 11. Bxd5 Qxd5 12. Nc3 Qa5 13. d5 Ne7 14. Bg5 h6 15. Bxe7 Kxe7 16. d6+ Kd8 17. Rb1 Bd7 18. b4 Qf5 19. Ne4 Bc6 20. Nd4 Bxd4 21. Qxd4 Rf8 22. Nf6 a5 23. Qb6+ 1-0

[Event "HUN-chT 0809"]
[Site "Hungary"]
[Date "2009.01.11"]
[Round "5"]
[White "Butunoi, Alexandru Victor"]
[Black "Kovacs, Gabor H"]
[Result "1-0"]
[WhiteElo "2394"]
[BlackElo "2490"]
[PlyCount "151"]
[EventDate "2008.10.26"]
[EventType "team-tourn"]
[EventRounds "11"]
[EventCountry "HUN"]
[SourceTitle "EXT 2010"]
[Source "ChessBase"]
[SourceDate "2010.11.25"]
[SourceVersion "1"]
[SourceVersionDate "2010.11.25"]
[SourceQuality "1"]
[WhiteTeam "Mako"]
[BlackTeam "Haladas"]
[WhiteTeamCountry "HUN"]
[BlackTeamCountry "HUN"]

1. e4 e5 2. Nf3 Nc6 3. Bb5 a6 4. Ba4 d6 5. 0-0 Nf6 6. Re1 Bd7 7. c3 Be7 8. d4 0-0 9. d5 Nb8 10. Bxd7 Nbxd7 11. c4 c6 12. dxc6 bxc6 13. Nc3 Rb8 14. Na4 h6 15. b3 Qc7 16. Qd3 Rfd8 17. Nh4 Nf8 18. Nf5 Ng6 19. Ba3 Bf8 20. Qc3 Qc8 21. Qf3 Qe6 22. Rad1 Kh7 23. Bb2 Nf4 24. Bc1 Ng6 25. Bd2 d5 26. exd5 cxd5 27. Ba5 Rd7 28. Nd4 Qe8 29. Nb6 Rxb6 30. Bxb6 Qb8 31. c5 exd4 32. Rxd4 Qb7 33. Qd3 Bd6 34. Ra4 Ne4 35. b4 Qb8 36. g3 Ne5 37. Qd1 Qb7 38. f3 Nf6 39. Kg2 Nc4 40. b5 axb5 41. Qb1+ Kg8 42. Qxb5 Bxc5 43. Qxc5 Nxb6 44. Rb4 Qa7 45. Qxb6 Qxa2+ 46. Qf2 Qa5 47. Rb8+ Rd8 48. Rb7 d4 49. Ree7 Qd5 50. Rxf7 Qxf7 51. Rxf7 Kxf7 52. Qa2+ Kg6 53. Kf2 d3 54. Qd2 Rd5 55. g4 Kf7 56. h4 Kg6 57. Ke1 Rd4 58. Kd1 Rd5 59. Kc1 Rc5+ 60. Kb1 Rd5 61. Kb2 Rd7 62. Kc1 Rc7+ 63. Kd1 Rd7 64. Qf4 d2 65. Qf5+ Kf7 66. g5 hxg5 67. hxg5 Ke7 68. Qe5+ Kf7 69. gxf6 gxf6 70. Qb2 Rd5 71. f4 Ke7 72. Qb4+ Ke6 73. Qe4+ Kd6 74. f5 Kc6 75. Qa4+ Kb6 76. Qb3+ 1-0

[Event "AUT-chT2M 0809"]
[Site "Austria"]
[Date "2008.11.30"]
[Round "4.2"]
[White "Rolletschek, Heinrich"]
[Black "Butunoi, Alexandru Victor"]
[Result "0-1"]
[WhiteElo "2222"]
[BlackElo "2394"]
[PlyCount "114"]
[EventDate "2008.10.11"]
[EventType "team-tourn"]
[EventRounds "11"]
[EventCountry "AUT"]
[SourceTitle "CBM 127 Extra"]
[Source "ChessBase"]
[SourceDate "2009.01.08"]
[SourceVersion "2"]
[SourceVersionDate "2009.01.28"]
[SourceQuality "1"]
[WhiteTeam "Voecklabruck"]
[BlackTeam "Graz Strassenbahn"]
[WhiteTeamCountry "AUT"]
[BlackTeamCountry "AUT"]

1. e4 g6 2. g3 Bg7 3. Bg2 c5 4. Ne2 Nc6 5. c3 e5 6. d3 Nge7 7. Be3 b6 8. d4 exd4 9. cxd4 Ba6 10. Nbc3 cxd4 11. Nxd4 0-0 12. Qa4 Qc8 13. Rd1 Nxd4 14. Bxd4 Bxd4 15. Qxd4 Nc6 16. Qxd7 Qxd7 17. Rxd7 Ne5 18. Rd2 Rac8 19. Kd1 Nc4 20. Rd4 Nxb2+ 21. Kc2 Nc4 22. Rhd1 Ne5 23. Kb3 Bc4+ 24. Kb2 Be6 25. Nd5 Rc5 26. h3 Kg7 27. Rc1 Rfc8 28. Rxc5 Rxc5 29. Nf4 Rb5+ 30. Ka1 Bc4 31. h4 Ra5 32. Rd2 Kf6 33. Bh3 h6 34. Bc8 g5 35. hxg5+ hxg5 36. Ng2 Nf3 37. Rb2 Bd3 38. Bb7 Rc5 39. Rb3 Rc1+ 40. Kb2 Rc2+ 41. Ka3 Ne5 42. Ne1 Rd2 43. f4 gxf4 44. gxf4 Nc4+ 45. Kb4 Be2 46. Bd5 Nd6 47. Kc3 Rd1 48. Nc2 Nb5+ 49. Kb2 Rf1 50. Bc6 Nc7 51. e5+ Ke7 52. Re3 Bg4 53. Ra3 a6 54. Rb3 b5 55. a4 Rxf4 56. axb5 axb5 57. Bxb5 Be6 0-1

[Event "ROM-chT"]
[Site "Eforie Nord"]
[Date "2008.09.01"]
[Round "1"]
[White "Butunoi, Alexandru Victor"]
[Black "Grozav, Valeriu Gheorghe"]
[Result "1-0"]
[WhiteElo "2382"]
[BlackElo "2198"]
[PlyCount "61"]
[EventDate "2008.09.01"]
[EventType "team"]
[EventRounds "9"]
[EventCountry "ROU"]
[SourceTitle "CBM 126 Extra"]
[Source "ChessBase"]
[SourceDate "2008.11.05"]
[SourceVersion "1"]
[SourceVersionDate "2008.11.05"]
[SourceQuality "1"]

1. e4 c5 2. Nf3 e6 3. d4 cxd4 4. Nxd4 Nc6 5. Nc3 a6 6. Nxc6 bxc6 7. Bd3 d5 8. 0-0 Nf6 9. Re1 d4 10. Na4 e5 11. c3 c5 12. Bg5 Bd7 13. b4 dxc3 14. bxc5 Qa5 15. Nb6 Rd8 16. Bxf6 gxf6 17. Nd5 Bg7 18. Qf3 Qxc5 19. Rac1 Qd6 20. Bxa6 0-0 21. Bc4 Bc6 22. Rxc3 Bxd5 23. Bxd5 Rc8 24. Rd3 Qb4 25. Red1 Rc7 26. Qg4 Rc3 27. Bxf7+ Kh8 28. Rd7 f5 29. Qg5 Qa4 30. Bb3 Bf6 31. Qh6 1-0

[Event "FRA-chT1B 0708"]
[Site "France"]
[Date "2008.03.16"]
[Round "9.4"]
[White "Rosner, Jonas"]
[Black "Butunoi, Alexandru Victor"]
[Result "1-0"]
[WhiteElo "2135"]
[BlackElo "2395"]
[PlyCount "111"]
[EventDate "2007.10.21"]
[EventType "team"]
[EventRounds "11"]
[EventCountry "FRA"]
[SourceTitle "EXT 2009"]
[Source "ChessBase"]
[SourceDate "2008.11.26"]
[SourceVersion "1"]
[SourceVersionDate "2008.11.26"]
[SourceQuality "1"]
[WhiteTeam "Cannes II"]
[BlackTeam "Belfort"]
[WhiteTeamCountry "FRA"]
[BlackTeamCountry "FRA"]

1. e4 g6 2. d4 Bg7 3. Nc3 c6 4. Be3 Qb6 5. Rb1 d6 6. Qd2 Nd7 7. f4 Qc7 8. Nf3 b5 9. a3 Bb7 10. e5 a6 11. Bd3 Nh6 12. 0-0 c5 13. d5 c4 14. Be4 Nc5 15. Bxc5 Qxc5+ 16. Kh1 0-0 17. h3 Rad8 18. Rbd1 Bc8 19. Rfe1 Qc7 20. Qe3 Rfe8 21. Nd4 Bb7 22. Bf3 Nf5 23. Nxf5 gxf5 24. e6 fxe6 25. Qxe6+ Kh8 26. Qxf5 Rf8 27. Qh5 Rf6 28. Qh4 Rdf8 29. Re4 R6f7 30. Bh5 Bf6 31. Qf2 Rg7 32. Bg4 Bc8 33. Be6 Qb7 34. Rde1 Bxe6 35. Rxe6 a5 36. Qf3 b4 37. axb4 axb4 38. Nd1 Rfg8 39. g4 Rf8 40. Qe4 Bh4 41. Rf1 c3 42. b3 Qb5 43. Ne3 Rgf7 44. Rh6 Bf6 45. Kg2 Qe2+ 46. Kg3 Rg7 47. Qf3 Qb5 48. Nf5 Rg6 49. Rf2 Qc5 50. Qe4 Rxh6 51. Nxh6 Bh4+ 52. Kxh4 Qxf2+ 53. Kg5 Qd2 54. Nf5 Rf7 55. Qe6 Rf6 56. Qc8+ 1-0

[Event "AUT-chT2M 0708"]
[Site "Austria"]
[Date "2008.03.02"]
[Round "9.2"]
[White "Neubauer, Martin"]
[Black "Butunoi, Alexandru Victor"]
[Result "1-0"]
[WhiteElo "2453"]
[BlackElo "2403"]
[PlyCount "83"]
[EventDate "2007.10.13"]
[EventType "team"]
[EventRounds "11"]
[EventCountry "AUT"]
[SourceTitle "EXT 2009"]
[Source "ChessBase"]
[SourceDate "2008.11.26"]
[SourceVersion "1"]
[SourceVersionDate "2008.11.26"]
[SourceQuality "1"]
[WhiteTeam "St Veit/Glan"]
[BlackTeam "Graz Strassenbahn"]
[WhiteTeamCountry "AUT"]
[BlackTeamCountry "AUT"]

1. e4 g6 2. d4 Bg7 3. Nc3 c6 4. Nf3 d6 5. Be3 Qb6 6. a3 Qc7 7. Qd2 Nd7 8. Bd3 b5 9. d5 a6 10. dxc6 Qxc6 11. e5 d5 12. Nd4 Qb7 13. f4 Nb6 14. b3 Nh6 15. h3 f6 16. exf6 Bxf6 17. 0-0 0-0 18. a4 b4 19. Nce2 a5 20. Rae1 e6 21. Nf3 Nf7 22. Bd4 Nd7 23. Bxf6 Nxf6 24. Ned4 Qb6 25. Qe3 Re8 26. Kh2 Bd7 27. Ne5 Nxe5 28. fxe5 Nh5 29. g4 Ng7 30. Rf4 Rf8 31. Ref1 Qc7 32. Kg2 Rae8 33. Qf2 Qc5 34. Rf7 Rxf7 35. Qxf7+ Kh8 36. Nf3 Bc6 37. Ng5 d4+ 38. Kg1 Rg8 39. Qf6 Be8 40. Nxe6 Qd5 41. Nxg7 Rxg7 42. Bc4 1-0

[Event "AUT-chT2M 0708"]
[Site "Austria"]
[Date "2008.01.27"]
[Round "7.2"]
[White "Butunoi, Alexandru Victor"]
[Black "Langheinrich, Ferenc"]
[Result "1/2-1/2"]
[WhiteElo "2403"]
[BlackElo "2421"]
[PlyCount "55"]
[EventDate "2007.10.13"]
[EventType "team"]
[EventRounds "11"]
[EventCountry "AUT"]
[SourceTitle "EXT 2009"]
[Source "ChessBase"]
[SourceDate "2008.11.26"]
[SourceVersion "1"]
[SourceVersionDate "2008.11.26"]
[SourceQuality "1"]
[WhiteTeam "Graz Strassenbahn"]
[BlackTeam "Graz Austria"]
[WhiteTeamCountry "AUT"]
[BlackTeamCountry "AUT"]

1. e4 c5 2. Nf3 d6 3. d4 cxd4 4. Nxd4 Nf6 5. Nc3 Nc6 6. Bg5 Bd7 7. Qd2 Rc8 8. Nb3 Na5 9. f3 a6 10. 0-0-0 h6 11. Be3 b5 12. g4 g6 13. Nxa5 Qxa5 14. Kb1 Bg7 15. h4 b4 16. Ne2 Be6 17. Nc1 Nd7 18. Nb3 Qc7 19. Nd4 Nc5 20. Nxe6 fxe6 21. Bd4 Bxd4 22. Qxd4 0-0 23. Qe3 Kg7 24. f4 Na4 25. Bd3 Qa5 26. Ka1 Rc5 27. h5 g5 28. e5 1/2-1/2

[Event "AUT-chT2M 0708"]
[Site "Austria"]
[Date "2008.01.26"]
[Round "6.2"]
[White "Kuba, Guenter"]
[Black "Butunoi, Alexandru Victor"]
[Result "0-1"]
[WhiteElo "2396"]
[BlackElo "2403"]
[PlyCount "62"]
[EventDate "2007.10.13"]
[EventType "team"]
[EventRounds "11"]
[EventCountry "AUT"]
[SourceTitle "EXT 2009"]
[Source "ChessBase"]
[SourceDate "2008.11.26"]
[SourceVersion "1"]
[SourceVersionDate "2008.11.26"]
[SourceQuality "1"]
[WhiteTeam "Fuerstenfeld"]
[BlackTeam "Graz Strassenbahn"]
[WhiteTeamCountry "AUT"]
[BlackTeamCountry "AUT"]

1. e4 g6 2. d4 Bg7 3. Nc3 c6 4. Nf3 d6 5. Be3 Qb6 6. Rb1 Qc7 7. Qd2 b5 8. h3 Nd7 9. Bd3 Bb7 10. 0-0 Ngf6 11. b4 0-0 12. Rbe1 e5 13. Bh6 a6 14. dxe5 dxe5 15. Nh4 c5 16. Bxg7 Kxg7 17. bxc5 Qxc5 18. Ne2 h6 19. Ng3 Kh7 20. Kh1 Rad8 21. f4 Ng8 22. Nf3 Qd6 23. fxe5 Nxe5 24. Nxe5 Qxe5 25. Rf3 Rd6 26. Ref1 Rf6 27. Qb4 Kg7 28. Rxf6 Nxf6 29. a4 Re8 30. Kh2 h5 31. axb5 axb5 0-1

[Event "AUT-chT2M 0708"]
[Site "Austria"]
[Date "2007.11.11"]
[Round "4.2"]
[White "Butunoi, Alexandru Victor"]
[Black "Stevic, Hrvoje"]
[Result "1/2-1/2"]
[WhiteElo "2403"]
[BlackElo "2531"]
[PlyCount "23"]
[EventDate "2007.10.13"]
[EventType "team"]
[EventRounds "11"]
[EventCountry "AUT"]
[SourceTitle "EXT 2009"]
[Source "ChessBase"]
[SourceDate "2008.11.26"]
[SourceVersion "1"]
[SourceVersionDate "2008.11.26"]
[SourceQuality "1"]
[WhiteTeam "Graz Strassenbahn"]
[BlackTeam "Wolfsberg"]
[WhiteTeamCountry "AUT"]
[BlackTeamCountry "AUT"]

1. e4 e5 2. Nf3 Nc6 3. Bb5 g6 4. c3 Nge7 5. d4 exd4 6. Nxd4 Bg7 7. Bg5 h6 8. Bh4 0-0 9. 0-0 Nxd4 10. cxd4 c6 11. Bc4 d5 12. Bxe7 1/2-1/2

[Event "Arad Vados"]
[Site "Arad"]
[Date "2007.09.25"]
[Round "6"]
[White "Butunoi, Alexandru Victor"]
[Black "Yachou, Nur"]
[Result "1-0"]
[WhiteElo "2374"]
[BlackElo "1992"]
[PlyCount "71"]
[EventDate "2007.09.20"]
[EventType "tourn"]
[EventRounds "9"]
[EventCountry "ROU"]
[EventCategory "3"]
[SourceTitle "CBM 120 Extra"]
[Source "ChessBase"]
[SourceDate "2007.11.01"]
[SourceVersion "1"]
[SourceVersionDate "2007.11.01"]
[SourceQuality "1"]

1. e4 c5 2. Nf3 a6 3. c4 d6 4. d4 Bg4 5. dxc5 Bxf3 6. gxf3 Qa5+ 7. Nc3 dxc5 8. Qb3 Nd7 9. Qxb7 Rb8 10. Qc6 e6 11. Qa4 Qxa4 12. Nxa4 Ne7 13. Be3 Nc6 14. 0-0-0 Be7 15. f4 Rb4 16. b3 Rxa4 17. bxa4 Nb6 18. Kc2 Nxa4 19. a3 0-0 20. Be2 Nd4+ 21. Bxd4 cxd4 22. Rxd4 Bc5 23. Rd2 Bxf2 24. Rf1 Be3 25. Rd3 Bc5 26. Rfd1 Bf2 27. Rd8 g6 28. f5 exf5 29. exf5 Rxd8 30. Rxd8+ Kg7 31. Rd6 Nc5 32. f6+ Kh6 33. Bf3 Kg5 34. Bd5 a5 35. Bxf7 Ne4 36. Ra6 1-0

[Event "Arad Vados"]
[Site "Arad"]
[Date "2007.09.21"]
[Round "2"]
[White "Balla, Tamas Kristof"]
[Black "Butunoi, Alexandru Victor"]
[Result "1-0"]
[WhiteElo "2266"]
[BlackElo "2374"]
[PlyCount "79"]
[EventDate "2007.09.20"]
[EventType "tourn"]
[EventRounds "9"]
[EventCountry "ROU"]
[EventCategory "3"]
[SourceTitle "CBM 120 Extra"]
[Source "ChessBase"]
[SourceDate "2007.11.01"]
[SourceVersion "1"]
[SourceVersionDate "2007.11.01"]
[SourceQuality "1"]

1. d4 d6 2. c4 g6 3. Nc3 Bg7 4. e4 e5 5. Be3 Ne7 6. Nge2 0-0 7. Qd2 exd4 8. Nxd4 Nbc6 9. Be2 f5 10. Nxc6 bxc6 11. 0-0 fxe4 12. Nxe4 Nf5 13. Bg5 Qe8 14. Bd3 a5 15. Rae1 Qf7 16. Ng3 Be5 17. b3 a4 18. Bxf5 gxf5 19. f4 Bf6 20. Bxf6 Qxf6 21. Nh5 Qh6 22. Rf3 Qxh5 23. Rg3+ Qg4 24. Qc3 Bd7 25. bxa4 Rxa4 26. Re7 Rf7 27. Rxg4+ fxg4 28. Rxf7 Kxf7 29. Qc2 Ra5 30. Qxh7+ Ke8 31. Qh8+ Ke7 32. Qh4+ Kf7 33. Qd8 Ke6 34. Qxc7 Rf5 35. a4 Rxf4 36. a5 Rxc4 37. a6 Ra4 38. a7 c5 39. Qb7 Bc6 40. Qb3+ 1-0

[Event "Latschach op 23rd"]
[Site "Latschach"]
[Date "2007.08.12"]
[Round "2"]
[White "Wiedermann, Franz"]
[Black "Butunoi, Alexandru Victor"]
[Result "1-0"]
[WhiteElo "2091"]
[BlackElo "2374"]
[PlyCount "65"]
[EventDate "2007.08.11"]
[EventType "swiss"]
[EventRounds "9"]
[EventCountry "AUT"]
[SourceTitle "CBM 120 Extra"]
[Source "ChessBase"]
[SourceDate "2007.11.01"]
[SourceVersion "1"]
[SourceVersionDate "2007.11.01"]
[SourceQuality "1"]

1. d4 g6 2. c4 Bg7 3. Nf3 Nf6 4. g3 0-0 5. Bg2 Nc6 6. 0-0 a6 7. b3 Rb8 8. Nbd2 b5 9. e4 d6 10. cxb5 axb5 11. Bb2 Nd7 12. Qb1 e5 13. d5 Ne7 14. Rc1 Bh6 15. Qc2 Rb7 16. Ne1 f5 17. exf5 gxf5 18. Nd3 Ng6 19. Re1 e4 20. Nb4 Nde5 21. f4 exf3 22. Nxf3 f4 23. Nc6 Nxc6 24. dxc6 Rb8 25. Nh4 f3 26. Bxf3 Rxf3 27. Nxf3 Bg4 28. Qd3 Bxf3 29. Qxf3 Qg5 30. Rad1 Qc5+ 31. Bd4 Qg5 32. Be3 Rf8 33. Bxg5 1-0

[Event "Agneaux St Lo IM"]
[Site "Agneaux"]
[Date "2007.07.15"]
[Round "9"]
[White "Crut, Aurelien"]
[Black "Butunoi, Alexandru Victor"]
[Result "0-1"]
[WhiteElo "2350"]
[BlackElo "2374"]
[PlyCount "114"]
[EventDate "2007.07.07"]
[EventType "tourn"]
[EventRounds "9"]
[EventCountry "FRA"]
[EventCategory "3"]
[SourceTitle "EXT 2008"]
[Source "ChessBase"]
[SourceDate "2007.11.25"]
[SourceVersion "1"]
[SourceVersionDate "2007.11.25"]
[SourceQuality "1"]

1. e4 c5 2. Nf3 e6 3. c3 Nf6 4. e5 Nd5 5. d4 cxd4 6. cxd4 Nc6 7. Bc4 Nb6 8. Bd3 d6 9. 0-0 Nb4 10. Bg5 f6 11. Bb5+ Nc6 12. exf6 gxf6 13. Be3 Bg7 14. Nc3 d5 15. Qd2 0-0 16. Bh6 Qe7 17. Rfe1 Rf7 18. Bxg7 Rxg7 19. Na4 Nxa4 20. Bxa4 Qd6 21. Bxc6 bxc6 22. Qc3 Bd7 23. Re3 Rb8 24. a3 a5 25. b3 Rb5 26. a4 Rb4 27. Rc1 Kf7 28. Qc5 Qxc5 29. Rxc5 Rg8 30. Rxa5 Rgb8 31. Ra7 Ke7 32. g4 h6 33. h4 Rxb3 34. Rxb3 Rxb3 35. Kg2 Kd6 36. g5 hxg5 37. hxg5 e5 38. gxf6 Bh3+ 39. Kg3 e4 40. Kxh3 Rxf3+ 41. Kg2 Rxf6 42. a5 Rf3 43. a6 Rd3 44. Ra8 Kc7 45. a7 Kb7 46. Rc8 Ra3 47. Rb8+ Kxa7 48. Rb4 Rd3 49. Kf1 Ka6 50. Ke2 Ka5 51. Rb8 Rxd4 52. Ke3 Rb4 53. Rc8 Kb5 54. Rb8+ Kc4 55. Rc8 c5 56. Rc7 Rb3+ 57. Ke2 Kd4 0-1